000 00782nam a22002057a 4500
005 20251125142800.0
008 231128b ||||| |||| 00| 0 eng d
040 _cAL
041 _aKannada
082 _223
_a305.895487K
_bNAGK
100 _aM G Nagaraj
_9246783
100 _9143678
_bಎಂ.ಜಿ. ನಾಗರಾಜ್
245 _aKodagina Kembattigala Samskrithi ಕೊಡಗಿನ ಕೆಂಬಟ್ಟಿಗಳ ಸಂಸ್ಕೃತಿ
260 _aMangalagangothri
_bPrasaranga Mangalore University
_c2017
300 _axLiv,464 p.
_bHB
_c22.5x14.7 cm.
365 _a063-065
_b₹250.00
_c
_d₹500.00
_e50%
_f23-11-2023
650 _aA Survey of Socio Cultural History of the Kembattis of Kodagu
_9143629
700 _aNAGARAJ (M G)
_9143630
942 _2ddc
_cBK
999 _c229330
_d229330